[Event "12° WEEK END "]
[Site "SAN SEVERINO MARCHE ITA"]
[Date "2010.09.04"]
[Round "3"]
[White "GIANFELICI, Edoardo"]
[Black "GRAZIANI, Claudio"]
[Result "0-1"]
[WhiteElo "2047"]
[BlackElo "2000"]
[PlyCount "106"]
[EventDate "2010.09.03"]

1. d4 d5 2. c4 Nc6 3. Nc3 Nf6 4. Nf3 dxc4 5. e4 Bg4 6. Be3 e6 7. Bxc4 Bb4 8.
Qc2 O-O 9. Rd1 Qe7 10. Be2 Rad8 11. O-O h6 12. e5 Nd5 13. Ne4 Ba5 14. a3 Bb6
15. Ng3 f5 16. exf6 Qxf6 17. Qd2 Nf4 18. Bxf4 Qxf4 19. Qxf4 Rxf4 20. h3 Bxf3
21. Bxf3 Rfxd4 22. Rxd4 Rxd4 23. Bxc6 bxc6 24. Re1 Rd2 25. Re2 Rxe2 26. Nxe2
Kf7 27. Kf1 Ke7 28. Ng3 Kd6 29. Ne4+ Kd5 30. Nd2 c5 31. Ke2 c4 32. Nb1 Bd4 33.
Nc3+ Kc6 34. f3 Bxc3 35. bxc3 Kb5 36. Ke3 Ka4 37. Kd4 Kxa3 38. Kxc4 a5 39. g4
a4 40. Kd4 Kb3 41. Ke5 a3 42. Kxe6 a2 43. Kf7 a1=Q 44. Kxg7 Qxc3+ 45. Kxh6 Qf6+
46. Kh5 Qxf3 47. h4 Kc4 48. Kg5 Kd5 49. h5 Ke6 50. h6 Kf7 51. Kh5 Kf6 52. Kh4
Qf2+ 53. Kh3 Kg5 0-1

[Event "12° WEEK END "]
[Site "SAN SEVERINO MARCHE ITA"]
[Date "2010.09.04"]
[Round "3"]
[White "FAINI, Ivano"]
[Black "SPADA, Angelo"]
[Result "0-1"]
[WhiteElo "1666"]
[BlackElo "2046"]
[PlyCount "50"]
[EventDate "2010.09.03"]

1. c4 e6 2. g3 d5 3. Bg2 c6 4. Qc2 f5 5. Nf3 Nf6 6. d3 Be7 7. Nc3 O-O 8. e3
Nbd7 9. O-O Qe8 10. Re1 Qh5 11. cxd5 exd5 12. a3 Ng4 13. h3 Nge5 14. Nxe5 Nxe5
15. d4 Nf7 16. f4 g5 17. b4 Bd7 18. Rb1 Nd6 19. a4 Rac8 20. Qb3 Kh8 21. Qb2 Ne4
22. Nxe4 fxe4 23. g4 Qh4 24. f5 Qxe1+ 25. Kh2 Bd6# 0-1

[Event "12° WEEK END "]
[Site "SAN SEVERINO MARCHE ITA"]
[Date "2010.09.04"]
[Round "3"]
[White "BRIFFAULT, Philippe"]
[Black "RENZETTI, Leonardo"]
[Result "0-1"]
[WhiteElo "1967"]
[BlackElo "1443"]
[PlyCount "92"]
[EventDate "2010.09.03"]

1. d4 Nf6 2. c4 g6 3. Nc3 Bg7 4. e4 d6 5. Be2 O-O 6. h3 e5 7. d5 Nbd7 8. Nf3
Nc5 9. Bg5 h6 10. Bxf6 Bxf6 11. b4 Nd7 12. O-O Bg7 13. a4 f5 14. Nd2 Nf6 15. c5
fxe4 16. Ndxe4 Nxe4 17. Nxe4 Bf5 18. Bf3 Bxe4 19. Bxe4 Rf6 20. Qd3 g5 21. Rac1
Qe7 22. Rc2 dxc5 23. bxc5 Qd7 24. Qb3 Rb8 25. c6 Qf7 26. a5 b6 27. Qb5 Rf4 28.
f3 Qe8 29. d6 Qd8 30. Rd1 Bf8 31. Qd5+ Kg7 32. Qxe5+ Rf6 33. d7 Bc5+ 34. Kh1
Bd6 35. Qd5 Qe7 36. Rb1 Qe5 37. Qxe5 Bxe5 38. Kg1 Bd6 39. Kf2 Re6 40. Ke2 b5
41. Kd3 Re5 42. Kd4 b4 43. Rcb2 Rxa5 44. Rxb4 Bxb4 45. d8=Q Rxd8+ 46. Kc4 Bd6
0-1

[Event "12° WEEK END "]
[Site "SAN SEVERINO MARCHE ITA"]
[Date "2010.09.04"]
[Round "3"]
[White "OKINCZYC, Alessandro"]
[Black "FAINI, Marco"]
[Result "0-1"]
[WhiteElo "1713"]
[BlackElo "1959"]
[PlyCount "120"]
[EventDate "2010.09.03"]

1. Nf3 Nf6 2. g3 g6 3. d3 Bg7 4. Bg2 d6 5. O-O e5 6. Nbd2 O-O 7. e4 Nc6 8. c3
Bg4 9. h3 Be6 10. Re1 Qd7 11. Kh2 d5 12. Ng5 Rfe8 13. Qc2 dxe4 14. dxe4 h6 15.
Nxe6 Qxe6 16. Nb3 b6 17. Be3 Rad8 18. Rad1 Kh7 19. Bf1 Nb8 20. Nd2 c6 21. Bc4
Qe7 22. f3 Nbd7 23. Nf1 Nf8 24. Rxd8 Rxd8 25. Rd1 Ne6 26. b4 Rd7 27. Rxd7 Qxd7
28. Qd2 Kg8 29. Qxd7 Nxd7 30. a4 Kf8 31. Nd2 Ke7 32. b5 cxb5 33. axb5 Ndc5 34.
Nb1 Kd7 35. Na3 Bf8 36. Nc2 Nb7 37. Bd5 Kc7 38. Kg2 Nd6 39. c4 Nb7 40. Bd2 h5
41. Nb4 Bxb4 42. Bxb4 Nbc5 43. Bxc5 bxc5 44. h4 Kb6 45. Kf2 Kc7 46. Ke3 Kd6 47.
f4 f6 48. f5 gxf5 49. exf5 Ng7 50. Be4 Ke7 51. Kf3 Ne8 52. g4 hxg4+ 53. Kxg4
Nd6 54. Bd5 Kf8 55. Be6 Kg7 56. Bd5 Kh6 57. Kg3 Nxf5+ 58. Kg4 Nd6 59. Be6 Kg6
60. Kg3 f5 0-1

[Event "12° WEEK END "]
[Site "SAN SEVERINO MARCHE ITA"]
[Date "2010.09.04"]
[Round "3"]
[White "MAZZARINI, Daniele"]
[Black "DEMEIO, Lorenzo"]
[Result "1-0"]
[WhiteElo "1811"]
[BlackElo "1407"]
[PlyCount "35"]
[EventDate "2010.09.03"]

1. d4 d5 2. c4 e6 3. Nc3 Nf6 4. Nf3 Nc6 5. Bg5 h6 6. Bxf6 Qxf6 7. cxd5 exd5 8.
Nxd5 Qd6 9. Nc3 Qb4 10. Qd2 Bg4 11. e3 a6 12. Be2 O-O-O 13. O-O Na5 14. a3 Qe7
15. Qc2 Bxf3 16. Bxf3 f5 17. Qxf5+ Kb8 18. Qxa5 1-0

[Event "12° WEEK END "]
[Site "SAN SEVERINO MARCHE ITA"]
[Date "2010.09.04"]
[Round "3"]
[White "GUGLIELMI, Dante"]
[Black "LUZI, Alessandro"]
[Result "0-1"]
[WhiteElo "1912"]
[BlackElo "1909"]
[PlyCount "100"]
[EventDate "2010.09.03"]

1. c4 Nf6 2. Nc3 g6 3. g3 Bg7 4. Bg2 O-O 5. e3 e5 6. Nge2 d6 7. O-O c6 8. b3
Nbd7 9. Bb2 Re8 10. Qc2 Nf8 11. d4 exd4 12. Nxd4 Ne6 13. Nxe6 Bxe6 14. Rad1 Qc7
15. Rd2 Rad8 16. Ne2 d5 17. Nd4 Bc8 18. cxd5 Nxd5 19. Nb5 cxb5 20. Qxc7 Nxc7
21. Rfd1 Rxd2 22. Rxd2 Bxb2 23. Rxb2 Rd8 24. Bf3 Ne6 25. h4 Nc5 26. Rc2 b6 27.
b4 Bb7 28. Be2 Ne6 29. f4 a6 30. g4 Kf8 31. f5 gxf5 32. gxf5 Be4 33. Rc1 Bxf5
34. Rc6 Rb8 35. Kf2 Be4 36. Rc1 Ke7 37. Bg4 Rd8 38. Ke2 Bd3+ 39. Kf3 Bc4 40.
Rc2 a5 41. bxa5 bxa5 42. Bf5 Bd3 43. Bxd3 Rxd3 44. Ke4 Rd1 45. Rb2 b4 46. Kf5
Kd6 47. a3 Rf1+ 48. Kg4 Kc5 49. axb4+ axb4 50. Kg3 Kc4 0-1